Cơ sở hệ thống thông tin địa lý (GIS) trong quy hoạch và quản lý đô thị

Sách trình bày các khái niệm cơ bản về hệ thống thông tin địa lý, cấu trúc dữ liệu của bản đồ, mô hình số độ cao, Nhập, kiểm tra lưu trữ và xuất dữ liệu, các ứng dụng của GIS trong quy hoạch và quản lý đô thị...

Ausführliche Beschreibung

Gespeichert in:
Bibliographische Detailangaben
1. Verfasser: Phạm, Trọng Mạnh
Format: Buch
Sprache:Undetermined
Veröffentlicht: Hà Nội Xây Dựng 1999
Schlagworte:
Tags: Tag hinzufügen
Keine Tags, Fügen Sie den ersten Tag hinzu!
Thư viện lưu trữ: Trung tâm Học liệu Trường Đại học Cần Thơ
LEADER 01120nam a2200229Ia 4500
001 CTU_37272
008 210402s9999 xx 000 0 und d
082 |a 005.74 
082 |b M107 
100 |a Phạm, Trọng Mạnh 
245 0 |a Cơ sở hệ thống thông tin địa lý (GIS) trong quy hoạch và quản lý đô thị 
245 0 |c Phạm Trọng Mạnh, Phạm Vọng Thành 
260 |a Hà Nội 
260 |b Xây Dựng 
260 |c 1999 
520 |a Sách trình bày các khái niệm cơ bản về hệ thống thông tin địa lý, cấu trúc dữ liệu của bản đồ, mô hình số độ cao, Nhập, kiểm tra lưu trữ và xuất dữ liệu, các ứng dụng của GIS trong quy hoạch và quản lý đô thị 
526 |a Thống kê địa lý,GIS-Viễn tham ứng dụng 
526 |b MT226,MT657 
650 |a Geographic information systems,Information storage and retrieval systems 
650 |x Geography 
904 |i Minh 
980 |a Trung tâm Học liệu Trường Đại học Cần Thơ